| 000 | 00510nam a22001697a 4500 | ||
|---|---|---|---|
| 005 | 20170821114635.0 | ||
| 010 | _aENG-119731 | ||
| 020 |
_a9788126439386 _c195.00 |
||
| 035 | _aEN-103263 | ||
| 037 | _bDBAD/PUB | ||
| 082 | _a000 | ||
| 245 |
_aCMAT (common management admission test) : _ba gateway to dream MBA / |
||
| 260 |
_aKottayam (Kerala) _bAn iRank Publication _c2012 |
||
| 270 |
_aD C Books _bKottayam (Kerala) _e686001 |
||
| 300 |
_a272p. _c25cm(pbk) |
||
| 942 |
_2ddc _cEN _h000 _mCMA |
||
| 999 |
_c143589 _d143589 |
||